Home run! / (Record no. 9362)

MARC details
000 -LEADER
fixed length control field 00836nam a22002777a 4500
001 - CONTROL NUMBER
control field 9362
003 - CONTROL NUMBER IDENTIFIER
control field FISKH
005 - DATE AND TIME OF LATEST TRANSACTION
control field 20251212133044.0
008 - FIXED-LENGTH DATA ELEMENTS--GENERAL INFORMATION
fixed length control field 251212b cb ||||| |||| 00| 0 eng d
020 ## - INTERNATIONAL STANDARD BOOK NUMBER
International Standard Book Number 9780545161459
040 ## - CATALOGING SOURCE
Original cataloging agency FISKH
Language of cataloging eng
Transcribing agency FISKH
Modifying agency FISKH
050 ## - LIBRARY OF CONGRESS CALL NUMBER
Classification number PZ7
082 ## - DEWEY DECIMAL CLASSIFICATION NUMBER
Classification number 813.6
100 ## - MAIN ENTRY--PERSONAL NAME
Personal name Peters, Catherine
Relator term Author
245 ## - TITLE STATEMENT
Title Home run! /
Statement of responsibility, etc. by Catherine Peters ; illustrations by Stephen MacEachern
260 ## - PUBLICATION, DISTRIBUTION, ETC.
Place of publication, distribution, etc. New York :
Name of publisher, distributor, etc. Scholastic Inc. ,
Date of publication, distribution, etc. 2009
300 ## - PHYSICAL DESCRIPTION
Extent 12 pages :
Other physical details color illustrations ;
Dimensions 19 x 23 cm
505 ## - FORMATTED CONTENTS NOTE
Formatted contents note A<br/>
520 ## - SUMMARY, ETC.
Summary, etc. Simple text and illustrations present a little boy playing ball.
521 8# - TARGET AUDIENCE NOTE
Target audience note 70<br/>
Source Lexile<br/>
521 8# - TARGET AUDIENCE NOTE
Target audience note A<br/>
Source Raz-Plus<br/>
650 ## - SUBJECT ADDED ENTRY--TOPICAL TERM
Topical term or geographic name entry element Realistic fiction
Form subdivision Independent
700 ## - ADDED ENTRY--PERSONAL NAME
Personal name MacEachern, Stephen
Relator term Illustrator
942 ## - ADDED ENTRY ELEMENTS (KOHA)
Source of classification or shelving scheme Dewey Decimal Classification
Koha item type Books
Suppress in OPAC No
Holdings
Withdrawn status Lost status Source of classification or shelving scheme Damaged status Not for loan Collection Home library Current library Shelving location Date acquired Total Checkouts Full call number Barcode Date last seen Copy number Price effective from Koha item type
    Dewey Decimal Classification     Juvenile Fiction Footprints International School Library Network Toul Tom Poung Campus Footprints International School Library Network Toul Tom Poung Campus TTP Primary Green Bookshelves 12/12/2025   PET 813.6 PZ7 FISTK01806 12/12/2025 1 12/12/2025 Books